[Event "White Nights"]
[Site "St Petersburg RUS"]
[Date "2005.06.22"]
[Round "5"]
[White "Rumiantseva,M"]
[Black "Domnin,V"]
[Result "0-1"]
[WhiteElo "2019"]
[BlackElo "2252"]

1.d4 d5 2.c4 c6 3.Qc2 Nf6 4.Nf3 e6 5.g3 Be7 6.Bg2 O-O 7.O-O Nbd7 8.Nbd2 Nb6
9.b3 dxc4 10.Nxc4 Nxc4 11.Qxc4 Nd5 12.e4 Nb6 13.Qc2 Bd7 14.Rd1 Rc8 15.Be3 Bd6
16.Rac1 Qe7 17.Qd3 f5 18.exf5 exf5 19.Bg5 Qf7 20.Ne5 Bxe5 21.dxe5 Be6 22.Be3 Rc7
23.Bc5 Rd7 24.Qe3 Ra8 25.Bxb6 axb6 26.Rd2 Rxd2 27.Qxd2 Qd7 28.Qxd7 Bxd7 29.Rd1 Be6
30.Rd2 Kf7 31.f4 Ke7 32.Kf2 h6 33.Ke3 g5 34.h3 Ra5 35.Bf3 Rc5 36.Kd3 Rc1
37.Rd1 Rc5 38.Rd2 Bd5 39.Bxd5 Rxd5+ 40.Ke3 Ra5 41.Kd4 Rc5 42.Ke3 Rc3+ 43.Rd3 gxf4+
44.gxf4 Rc2 45.Rd2 Rc1 46.Kf2 Rc3 47.Kg2 h5 48.h4 b5 49.Kg1 b4 50.Kg2 c5
51.Rf2 b5 52.Rf3 c4 53.Kf2 Rc2+ 54.Ke1 Rxa2 55.Kd1 Rh2 56.Rg3 Rxh4 57.Rg7+ Ke6
58.Rb7 Rxf4 59.Rxb5 cxb3  0-1

[Event "6th Kurass Memorial"]
[Site "Kiev UKR"]
[Date "2005.06.24"]
[Round "4"]
[White "Baryshpolets,A"]
[Black "Petryk,F"]
[Result "1-0"]
[WhiteElo "2158"]
[BlackElo "2334"]

1.d4 d5 2.Nf3 Nf6 3.c4 c6 4.Qc2 a6 5.g3 b5 6.c5 a5 7.Bg2 Nbd7 8.Bf4 e6 9.Nbd2 Be7
10.O-O O-O 11.e4 dxe4 12.Nxe4 Nxe4 13.Qxe4 Bb7 14.Qc2 Nf6 15.Bg5 Nd5 16.Bxe7 Qxe7
17.Rad1 b4 18.Rfe1 a4 19.Ne5 Qc7 20.Qd2 Ba6 21.Bxd5 exd5 22.Qxb4 f6 23.Nd3 Bc4
24.Nc1 Rfb8 25.Qc3 Ra5 26.b3 axb3 27.axb3 Ra3 28.Qe3 Bxb3 29.Rd3 Qb7 30.Kg2 Kf8
31.Qe6 Qa6  1-0

[Event "DS"]
[Site "Brno CZE"]
[Date "2005.07.06"]
[Round "7"]
[White "Marszalek,Mac"]
[Black "Rogule,L"]
[Result "0-1"]
[WhiteElo "2347"]
[BlackElo "2278"]

1.d4 d5 2.c4 c6 3.Nf3 Nf6 4.g3 dxc4 5.Bg2 b5 6.a4 Bb7 7.O-O e6 8.Ne5 a6 9.Nc3 Nd5
10.e4 Nxc3 11.bxc3 Nd7 12.f4 Be7 13.Ng4 Nf6 14.Nxf6+ Bxf6 15.e5 Be7 16.f5 exf5
17.g4 fxg4 18.Qxg4 Qd7 19.Qxd7+ Kxd7 20.Rxf7 Raf8 21.Rxg7 Rhg8 22.Rxg8 Rxg8
23.Kh1 b4 24.cxb4 Rxg2 25.Kxg2 c5+ 26.Kf2 cxb4 27.a5 c3 28.Ke3 Bd5 29.Kd3 Kc6
30.Bf4 Kb5 31.Rg1 Bd8 32.Bc1 Bxa5 33.Rg5 Bc4+ 34.Ke4 Bd8 35.Rf5 b3 36.Rf2 Bg5
37.e6 Bxe6 38.Ba3 Ka4 39.Kd3 Kxa3 40.Kxc3 Be7 41.Kd3 b2 42.Kc2 Bb3+  0-1

[Event "34th TCh-GRE"]
[Site "Ermioni Argolidas GRE"]
[Date "2005.07.06"]
[Round "3"]
[White "Skembris,S"]
[Black "Tsiamis,K"]
[Result "1-0"]
[WhiteElo "2436"]
[BlackElo "2282"]

1.d4 d5 2.c4 c6 3.Nf3 Nf6 4.Qc2 e6 5.e3 Nbd7 6.Nc3 Bd6 7.Bd3 O-O 8.O-O dxc4
9.Bxc4 b5 10.Be2 Bb7 11.Rd1 Qe7 12.e4 e5 13.dxe5 Nxe5 14.Nd4 Bc5 15.Be3 Neg4
16.Nf5 Qe5 17.Bxg4 Nxg4 18.Bxc5 Qxc5 19.Qe2 Ne5 20.Rac1 Qb6 21.Qh5 Rfe8 22.Qg5 Ng6
23.h4 f6 24.Qg3 Bc8 25.Nd6 Re5 26.h5 Nf8 27.h6 Rg5 28.Nxc8 Rxc8 29.Qd6 Qb7
30.Ne2 c5 31.hxg7 Qxg7 32.Ng3 h5 33.Kf1 Qg6 34.Nf5 Re8 35.g3 h4 36.Rxc5 Rg4
37.Nxh4 Rxh4 38.gxh4 Rxe4 39.Rc8 Qf7 40.Rxf8+  1-0

[Event "4th Open"]
[Site "La Fere FRA"]
[Date "2005.07.06"]
[Round "7"]
[White "Housieaux,D"]
[Black "Barnier,C"]
[Result "1-0"]
[WhiteElo "2329"]
[BlackElo "1980"]

1.d4 d5 2.c4 c6 3.Nf3 Nf6 4.g3 e6 5.Bg2 Be7 6.O-O O-O 7.b3 Nbd7 8.Bb2 Rb8
9.Nbd2 b6 10.Qc2 Bb7 11.Rad1 Ba6 12.e4 dxe4 13.Nxe4 Bb7 14.Ne5 Qc8 15.Rfe1 Nxe4
16.Bxe4 f5 17.Bg2 Nxe5 18.Rxe5 Bf6 19.Re2 Qd7 20.Rdd2 Rbd8 21.Qd1 Qc8 22.Qe1 Rfe8
23.h3 Kf7 24.Kh2 g5 25.Qd1 h5 26.d5 cxd5 27.Bxf6 Kxf6 28.cxd5 e5 29.d6 Bxg2
30.d7 Rxd7 31.Rxd7 Bf3 32.Qd6+ Re6 33.Rd2 f4 34.Qd3 g4 35.Qh7 Qf8 36.h4 Rc6
37.Qxh5 Be4 38.Qg5+ Ke6 39.Qxg4+ Kf6 40.gxf4 Bf5 41.fxe5+  1-0

[Event "2nd RUS Pupils Summer Girls"]
[Site "Satka RUS"]
[Date "2005.07.06"]
[Round "9"]
[White "Utkina,N"]
[Black "Minina,V"]
[Result "1-0"]
[WhiteElo "1959"]
[BlackElo "2059"]

1.d4 d5 2.c4 c6 3.Nf3 Nf6 4.Qc2 e6 5.g3 Nbd7 6.Bg2 Bd6 7.O-O e5 8.cxd5 Nxd5
9.dxe5 Nxe5 10.Rd1 O-O 11.Nc3 Nxc3 12.Qxc3 Qf6 13.Ng5 Bc7 14.Ne4 Qg6 15.Bf4 Qh5
16.g4 Nxg4 17.Bxc7 f5 18.Qc4+ Kh8 19.Nc5 f4 20.Bxf4 Bf5 21.Bg3 Rf6 22.Rd4 Raf8
23.Bf3 b5 24.Qc3 Qh3 25.Bg2 Qh5 26.Rad1 g5 27.Rd8 Qf7 28.Rxf8+ Qxf8 29.Nd7 Bxd7
30.Rxd7 h5 31.Qd3 Rh6 32.Rd8  1-0

[Event "ch-SWE"]
[Site "Goeteborg SWE"]
[Date "2005.07.07"]
[Round "6"]
[White "Agrest,E"]
[Black "Lindberg,Bo"]
[Result "1-0"]
[WhiteElo "2592"]
[BlackElo "2359"]

1.d4 d5 2.Nf3 Nf6 3.c4 c6 4.Qb3 dxc4 5.Qxc4 Bf5 6.g3 e6 7.Bg2 Nbd7 8.O-O Be7
9.Nc3 O-O 10.Qb3 Qb6 11.Nd2 Rfd8 12.Nc4 Qxb3 13.axb3 c5 14.d5 exd5 15.Nxd5 Nxd5
16.Bxd5 Ne5 17.Bxb7 Rab8 18.Na5 Rd7 19.Bg2 Bc2 20.Bf4 f6 21.Bh3 Rd6 22.Nc4 Rdd8
23.Rxa7 Bd6 24.Nxd6 Rxd6 25.Rc1 Bd1 26.Bxe5 fxe5 27.Bg4 Rb5 28.Rd7 Rg6 29.Bh5 Bxb3
30.Bxg6 hxg6 31.Ra1 Be6 32.Re7 Rb6 33.Raa7 Bd5 34.Rxg7+ Kf8 35.Rgd7  1-0

[Event "34th TCh-GRE"]
[Site "Ermioni Argolidas GRE"]
[Date "2005.07.08"]
[Round "6"]
[White "Grivas,E"]
[Black "Tsiamis,K"]
[Result "0-1"]
[WhiteElo "2515"]
[BlackElo "2282"]

1.d4 d5 2.c4 c6 3.Nf3 Nf6 4.Qc2 e6 5.g3 dxc4 6.Qxc4 b5 7.Qb3 Bb7 8.Bg2 Nbd7
9.O-O Be7 10.Bg5 O-O 11.Rd1 Qb6 12.Nc3 Rfd8 13.Rac1 a6 14.a4 Rac8 15.Bxf6 Bxf6
16.Ne4 Be7 17.axb5 cxb5 18.Qe3 Nf6 19.Rxc8 Rxc8 20.Ne5 Bxe4 21.Bxe4 Nxe4
22.Qxe4 Bd6 23.Nd3 h6 24.e3 a5 25.Rc1 Rxc1+ 26.Nxc1 Qc7 27.Ne2 Qc4 28.Nc3 Bb4
29.Qa8+ Kh7 30.Ne4 f5 31.Nc5 Bxc5 32.dxc5 Qxc5 33.Qe8 Qc1+ 34.Kg2 Qxb2 35.Qxe6 Qc2
36.Qb6 b4  0-1

[Event "DMP 1st League"]
[Site "Koszalin POL"]
[Date "2005.07.08"]
[Round "5"]
[White "Bronowicki,M"]
[Black "Bobula,M"]
[Result "1/2-1/2"]
[WhiteElo "2239"]
[BlackElo "2164"]

1.d4 d5 2.c4 c6 3.Nf3 Nf6 4.Qc2 dxc4 5.Qxc4 Bf5 6.g3 e6 7.Bg2 Nbd7 8.O-O Be7
9.Nc3 O-O 10.Qb3 Qb6 11.Qxb6 axb6 12.Rd1 b5 13.Nh4 Bc2 14.Rd2 Bb3 15.a3 b4
16.Ne4 Nd5 17.Nf3 h6 18.Ne5 Nxe5 19.dxe5 f5 20.exf6 gxf6 21.Rd3 Bc4 22.Rd4 Bxe2
23.Bxh6 Rfe8 24.Re1 bxa3 25.bxa3 Bg4 26.Nd6 Bxd6 27.Rxg4+ Kh7 28.Rh4 Kg6
29.Bf3 Rh8 30.Rxe6 Be5 31.Be4+  1/2-1/2

[Event "ch-SCO"]
[Site "Oban SCO"]
[Date "2005.07.08"]
[Round "7"]
[White "MacDonald,C"]
[Black "Kafka,G"]
[Result "1/2-1/2"]
[WhiteElo "2049"]
[BlackElo "2104"]

1.d4 d5 2.c4 c6 3.Nf3 Nf6 4.Qb3 Qb6 5.Nc3 Qxb3 6.axb3 Na6 7.Ra4 Bd7 8.Ne5 e6
9.c5 Ne4 10.Nxe4 dxe4 11.Nc4 Nc7 12.Bf4 Nd5 13.Bd6 Be7 14.e3 f5 15.g3 b5
16.cxb6 Bxd6 17.Nxd6+ Ke7 18.b7 Rab8 19.Nc8+ Bxc8 20.bxc8=Q Rhxc8 21.Rxa7+ Rc7
22.Rxc7+ Nxc7 23.Bc4 Ra8 24.Kd2 Kd6 25.Rc1 Ra2 26.Kc3 Ra8 27.b4 Ra4 28.Kb3 Ra7
29.h3 h6 30.h4 h5 31.Be2 g6 32.Bc4 Ra8 33.Kc3 Ra4 34.Rf1 Ra7 35.Bb3 Nb5+
36.Kd2 Nc7 37.Bc4 Ra4 38.Kc3 Ra7 39.Rb1 Ra4 40.Rc1 Ra7 41.Kb3 Ra8 42.Be2 Ra7
43.Rc5 Ra1 44.Kc2 Rg1 45.Kd2 Rb1 46.Kc2 Rg1 47.Kc3 Nd5+ 48.Kc2 Re1 49.Kd2  1/2-1/2

[Event "7th Festival IM"]
[Site "Saint Lo FRA"]
[Date "2005.07.08"]
[Round "1"]
[White "Feller,S"]
[Black "Coursaget,N"]
[Result "1/2-1/2"]
[WhiteElo "2282"]
[BlackElo "2358"]

1.d4 d5 2.c4 c6 3.Nf3 Nf6 4.Qc2 e6 5.g3 Nbd7 6.Bg2 Bd6 7.O-O O-O 8.b3 Qe7
9.Bb2 dxc4 10.Qxc4 e5 11.dxe5 Nxe5 12.Qc2 Nxf3+ 13.Bxf3 Bh3 14.Rd1 Be5 15.Bxe5 Qxe5
16.Nd2 Bf5 17.Qc1 Bg4 18.Nc4 Qh5 19.Nd2 Rfe8 20.Qc4 Re6 21.h4 Rae8 22.Bxg4 Nxg4
23.Nf3 h6 24.Rd2 Nf6 25.Nd4 Re4 26.f3 R4e7 27.Kf2 Rd7 28.Rad1 Red8 29.b4 Qe5
30.e3 Nd5 31.Qb3 Ne7 32.Qc2 Rd5 33.Ne2 Nf5 34.Rxd5 Rxd5 35.Rxd5 cxd5 36.Qd3 Nd6
37.Qd4 Qxd4 38.Nxd4 Kf8 39.Ne2 Nb5 40.a4 Nc7 41.Nd4 Na6 42.Nc2  1/2-1/2

[Event "IM"]
[Site "Condom FRA"]
[Date "2005.07.10"]
[Round "2"]
[White "Housieaux,D"]
[Black "Beudaert,X"]
[Result "1/2-1/2"]
[WhiteElo "2329"]
[BlackElo "2358"]

1.d4 d5 2.c4 c6 3.Nf3 Nf6 4.Qc2 g6 5.Bf4 Bf5 6.Qb3 Qb6 7.c5 Qxb3 8.axb3 Nbd7
9.h3 Bg7 10.e3 O-O 11.Nbd2 Ne4 12.g4 Be6 13.b4 f6 14.Nb3 Bf7 15.Na5 e5 16.Bh2 Ng5
17.Nxg5 fxg5 18.O-O-O Be6 19.Rd2 exd4 20.exd4 Nf6 21.f3 Rf7 22.Be2 Re8 23.Bd1 Bc8
24.Re2 Rxe2 25.Bxe2 Nd7 26.Nb3 Nf8 27.Bb8 a6 28.Rd1 Ne6 29.Rd2 Bf6 30.Bd1 Bd7
31.Kc2 Re7 32.Bd6 Re8 33.Kd3 Kf7 34.Re2 Bc8 35.Re3 Bd7 36.Be2 h5 37.Bf1 hxg4
38.fxg4 Nf4+ 39.Kd2 Ne6 40.Kd3 Nf4+ 41.Kd2 Re4 42.Rxe4 dxe4 43.Ke3 Be6 44.Na5 Nd5+
45.Kxe4 Nxb4 46.Nxb7 Bd5+ 47.Ke3 Ke6 48.Bg3 Nc2+ 49.Kd2 Nxd4 50.Bxa6 Bg2
51.b4 Bxh3 52.Nd6 Ke7 53.Ne4 Bxg4 54.Nxf6 Kxf6 55.Bf2 Ke5 56.Bb7 Bd7 57.Bxd4+ Kxd4
58.b5 Kxc5 59.bxc6 Bxc6 60.Bc8 Kd4 61.Ke2 Ke4 62.Kf2 Kf4 63.Kg1  1/2-1/2

[Event "Open"]
[Site "Barbera del Valles ESP"]
[Date "2005.07.12"]
[Round "9"]
[White "Narciso Dublan,M"]
[Black "Mirzoev,A"]
[Result "1/2-1/2"]
[WhiteElo "2476"]
[BlackElo "2550"]

1.d4 d5 2.c4 c6 3.Nf3 Nf6 4.Qc2 dxc4 5.Qxc4 Bf5 6.g3 e6 7.Bg2 Nbd7 8.O-O Be7
9.e3 O-O 10.Qe2 c5 11.Rd1 Qc7 12.Nc3 Ne4 13.Bd2 Rad8 14.Rac1 Qb8 15.dxc5 Ndxc5
16.Nd4 Bg6 17.Nxe4 Nxe4 18.Ba5 Rc8 19.Nb5 Rxc1 20.Rxc1 a6 21.Nd4 Rc8 22.Qd1 h6
23.Ne2 Bf6 24.b3 Bh7 25.Bb6 Rxc1 26.Qxc1 Bd8 27.Bd4 Qc7 28.Qxc7 Bxc7 29.Nc3 Nxc3
30.Bxc3 Bb1 31.a3 b6 32.Bf1 a5 33.f3 Bd6 34.b4 axb4 35.axb4 f5 36.Bc4 Kf7
37.Kf2 g5 38.Bd4 Bxb4 39.Bxb6  1/2-1/2

[Event "16th Open"]
[Site "Ljubljana SLO"]
[Date "2005.07.13"]
[Round "7"]
[White "Srebrnic,V"]
[Black "Jovanic,O"]
[Result "0-1"]
[WhiteElo "2251"]
[BlackElo "2447"]

1.Nf3 d5 2.d4 c6 3.c4 dxc4 4.e3 Be6 5.a4 Nf6 6.Na3 g6 7.Nxc4 Bg7 8.Be2 O-O
9.O-O Nbd7 10.b4 Nb6 11.Na5 Qc7 12.Bd2 Ne4 13.Be1 Rac8 14.Nb3 Bc4 15.Nc5 Bxe2
16.Qxe2 Nxc5 17.bxc5 Nd7 18.Rb1 e5 19.Bc3 exd4 20.Bxd4 Bxd4 21.exd4 Nf6 22.Qe5 Nd5
23.Qxc7 Rxc7 24.Rfe1 Rd8 25.Rb3 Nf4 26.Reb1 Rdd7 27.a5 a6 28.Kf1 Ne6 29.g3 g5
30.g4 f6 31.Ke2 Kf7 32.Ke3 Nf4 33.Kd2 Kg6 34.Kc3 h5 35.gxh5+ Kxh5 36.Re1 Re7
37.Kc4 g4 38.Rxe7 Rxe7 39.Nd2 Re2 40.Kc3 Rxf2 41.Rxb7 Nd5+ 42.Kd3 f5 43.Ra7 Kg5
44.Nc4 Nf4+ 45.Kc3 Ne2+ 46.Kd3 Nc1+ 47.Kc3 Rf3+ 48.Kb2 Nd3+ 49.Kc2 Nb4+ 50.Kb2 Kf4
51.Ne5 Nd3+ 52.Nxd3+ Rxd3 53.Rd7 Rd2+ 54.Kc3 Rxh2 55.d5 cxd5 56.c6 Rh8 57.c7 Rc8
58.Kd4 g3 59.Kxd5 g2 60.Rg7 Kf3 61.Kc6 Kf2 62.Kb7 Rxc7+ 63.Kxc7 f4 64.Kb6 f3
65.Kxa6 Ke3 66.Ka7 f2 67.Rxg2 f1=Q 68.Rb2 Qa1 69.Rb5 Qa4 70.Kb6 Qd4+ 71.Kb7 Qd7+
72.Kb6 Qd6+ 73.Kb7 Qd7+ 74.Kb6 Qd8+ 75.Kb7 Qe7+ 76.Kb6 Qe6+ 77.Kb7 Qe4+ 78.Kb6 Qa8
79.a6 Qb8+ 80.Ka5 Qc7+ 81.Kb4 Kd4 82.Rb7 Qc5+ 83.Ka4 Qc6+ 84.Ka5 Kc5 85.Rb3 Qc7+
86.Ka4 Qd7+ 87.Ka5 Qd2+ 88.Ka4 Qa2+  0-1

[Event "Viking GM"]
[Site "St Petersburg RUS"]
[Date "2005.07.14"]
[Round "8"]
[White "Payen,A"]
[Black "Sarakauskas,G"]
[Result "1/2-1/2"]
[WhiteElo "2417"]
[BlackElo "2427"]

1.d4 d5 2.c4 c6 3.Nf3 Nf6 4.Qb3 dxc4 5.Qxc4 Bf5 6.g3 e6 7.Bg2 Nbd7 8.O-O Be7
9.Nc3 O-O 10.Re1 Ne4 11.Qb3 Nb6 12.Rd1 Bf6 13.Ne1 Nxc3 14.bxc3 Qc7 15.e4 Bg6
16.f4 Bh5 17.Rd2 g5 18.Rf2 gxf4 19.gxf4 Bh4  1/2-1/2

[Event "Aegean Open"]
[Site "Kirykos GRE"]
[Date "2005.07.15"]
[Round "4"]
[White "Simeonidis,I"]
[Black "Svetushkin,D"]
[Result "0-1"]
[WhiteElo "2246"]
[BlackElo "2514"]

1.d4 d5 2.Nf3 Nf6 3.c4 c6 4.Qc2 a6 5.Bf4 Bg4 6.Ne5 Bh5 7.Qb3 Ra7 8.Qh3 dxc4
9.g4 Bg6 10.Nxg6 fxg6 11.Nc3 Nd5 12.Bg3 Nd7 13.Bg2 e6 14.g5 Kf7 15.Qg4 Bb4
16.Qf3+ Ke7 17.O-O Qf8 18.Qg4 Nxc3 19.bxc3 Bxc3 20.Rac1 Bd2 21.Bh3 Qf5 22.Qh4 Qxg5
23.e3 Qxh4 24.Bxh4+ Nf6 25.Rxc4 h6 26.Rd1 g5 27.Bg3 Ba5 28.Ra4 Bd8 29.Bb8 Ra8
30.Be5 Kd7 31.d5 cxd5 32.Bxf6 Bxf6 33.Rxd5+ Kc7 34.Rc4+ Kb6 35.Rd7 Rab8 36.Rb4+ Kc6
37.Rdxb7 Rxb7 38.Bg2+ Kc5 39.Rxb7 Rd8 40.Rc7+ Kb4 41.Bh3 Rd6 42.Rc2 a5 43.Bf1 Bc3
44.h3 a4 45.Kg2 g6 46.f4 gxf4 47.exf4 Rd4 48.Re2 Rxf4 49.Rxe6 Bd4 50.Re2 Kc3
51.h4 a3 52.h5 g5 53.Re1 Rf2+ 54.Kh3 Rxa2 55.Re6 Rc2 56.Ra6 a2 57.Bb5 Kd2  0-1

[Event "Politiken Cup"]
[Site "Copenhagen DEN"]
[Date "2005.07.17"]
[Round "2"]
[White "Asgeirsson,H"]
[Black "Kargin,A"]
[Result "0-1"]
[WhiteElo "2118"]
[BlackElo "2408"]

1.d4 d5 2.c4 c6 3.Nf3 Nf6 4.Qc2 dxc4 5.Qxc4 Bg4 6.Ne5 Be6 7.Qd3 Nbd7 8.Nxd7 Qxd7
9.e4 Rd8 10.Be3 Ng4 11.Be2 Nxe3 12.fxe3 g6 13.O-O Bg7 14.Qa3 a6 15.Nc3 Qd6
16.Qxd6 exd6 17.a4 O-O 18.a5 c5 19.Rfd1 Bb3 20.Rd3 Rfe8 21.Bf3 cxd4 22.exd4 Bh6
23.Nd5 Bxd5 24.exd5 Rc8 25.Rb3 Be3+ 26.Kh1 Bc1 27.Kg1 Rc2 28.Rxc1 Rxc1+ 29.Kf2 Re7
30.g4 f6 31.Rb6 Rc2+ 32.Kg3 Rd7 33.Bd1 Rc4 34.b4 Rxd4 35.Ba4 Rc7  0-1

[Event "MTO Open"]
[Site "Biel SUI"]
[Date "2005.07.18"]
[Round "1"]
[White "Leutwyler,M"]
[Black "Golod,V"]
[Result "0-1"]
[WhiteElo "2174"]
[BlackElo "2582"]

1.d4 d5 2.Nf3 c6 3.c4 dxc4 4.e3 Be6 5.Nc3 b5 6.a4 b4 7.Ne4 Nf6 8.Ng3 Bd5
9.Bd2 e6 10.Rc1 Nbd7 11.Bxc4 Be7 12.O-O O-O 13.Bd3 c5 14.e4 Bb7 15.e5 Nd5
16.dxc5 Nxc5 17.Rxc5 Bxc5 18.Bxh7+ Kh8 19.Ng5 g6 20.Qg4 Qd7 21.Qh4 Kg7 22.N5e4 Ne3
23.fxe3 Be7 24.Rf6 Rh8 25.Nh5+ gxh5 26.Qg5+ Kf8 27.Qh6+ Ke8 28.Qg7 Rf8 29.Rf2 Bxe4
30.Bxe4 Rc8  0-1

[Event "Politiken Cup"]
[Site "Copenhagen DEN"]
[Date "2005.07.20"]
[Round "6"]
[White "Jorgensen,D"]
[Black "Agdestein,Em"]
[Result "1-0"]
[WhiteElo "2168"]
[BlackElo "2052"]

1.d4 d5 2.c4 c6 3.Nf3 Nf6 4.g3 e6 5.Bg2 Nbd7 6.O-O Be7 7.Qc2 O-O 8.Rd1 Re8
9.Bf4 Bf8 10.Nc3 dxc4 11.e4 b5 12.Bg5 h6 13.e5 hxg5 14.Nxg5 Bb7 15.exf6 Nxf6
16.h4 Qc7 17.Nce4 Nxe4 18.Qxe4 f5 19.Qf3 g6 20.Re1 e5 21.dxe5 Rxe5 22.h5 Bh6
23.hxg6 Bxg5 24.Qh5 Bf6 25.Rxe5 Bxe5 26.Re1 Re8 27.g7 Rb8 28.Rxe5 Qxe5 29.Qh8+  1-0

[Event "Politiken Cup"]
[Site "Copenhagen DEN"]
[Date "2005.07.21"]
[Round "7"]
[White "Hjelm,N"]
[Black "Brinck Claussen,B"]
[Result "1-0"]
[WhiteElo "2333"]
[BlackElo "2348"]

1.d4 d5 2.c4 c6 3.Nf3 Nf6 4.Qb3 e6 5.Bg5 Nbd7 6.Nc3 Be7 7.e3 O-O 8.Rc1 dxc4
9.Bxc4 b5 10.Be2 b4 11.Na4 Qa5 12.O-O Ba6 13.Bxa6 Qxa6 14.Ne5 Nxe5 15.dxe5 Nd5
16.Bxe7 Nxe7 17.Qxb4 Rab8 18.Qh4 Rfe8 19.Rfd1 Qb5 20.Rc5 Qe2 21.Rdc1 Rbd8
22.h3 Rd1+ 23.Rxd1 Qxd1+ 24.Kh2 Qe2 25.Rc1 h5 26.Qg3 Ng6 27.Qf3 Qb5 28.Qxc6 Qxe5+
29.Kg1 Rd8 30.Qc5 Rd5 31.Qc2 Nh4 32.Nc3 Rc5 33.Rd1 f5 34.Qe2 f4 35.exf4 Qf5
36.Qe4 Ng6 37.Qxf5 exf5 38.g3 Ne7 39.Rd7 Nc6 40.Rc7 Kf8  1-0

[Event "Open A"]
[Site "Pardubice CZE"]
[Date "2005.07.22"]
[Round "1"]
[White "Jirka,J"]
[Black "Abel,D"]
[Result "1-0"]
[WhiteElo "2391"]
[BlackElo "2220"]

1.d4 d5 2.Nf3 c6 3.g3 Nf6 4.c4 Bg4 5.Ne5 Bf5 6.Nc3 e6 7.Qb3 Qb6 8.c5 Qxb3
9.axb3 Nbd7 10.Nxd7 Nxd7 11.b4 Be7 12.b5 Bf6 13.e3 e5 14.Ra4 O-O 15.Kd1 Rfe8
16.f3 Nf8 17.bxc6 bxc6 18.g4 Bg6 19.Ba6 exd4 20.exd4 Ne6 21.Ne2 Rab8 22.h4 h6
23.f4 Be4 24.Rh3 g6 25.g5 hxg5 26.hxg5 Bg7 27.Rha3 Bf5 28.Rg3 Nc7 29.Bd3 Bxd3
30.Rxd3 Nb5 31.Be3 Re4 32.Kd2 f6 33.Nc3 Nxc3 34.Kxc3 Re7 35.Ra6 Reb7 36.Bc1 fxg5
37.fxg5 Rb3+ 38.Kc2 Rxd3 39.Kxd3 Rb4 40.Be3 Rb3+ 41.Kd2 Rxb2+ 42.Kc3 Rb5
43.Rxc6 a5 44.Rc8+ Kf7 45.c6 Rb4 46.c7 Rc4+ 47.Kd3 a4 48.Bf4 Bxd4 49.Ra8 a3
50.Rxa3 Bb6 51.Rc3 Bxc7 52.Bxc7 Rg4 53.Bd8 Ke6 54.Bf6 Ra4 55.Rc6+ Kf5 56.Rd6 Kg4
57.Rxd5 Kh5 58.Rd8 Rb4 59.Ke3 Ra4 60.Kf3 Ra3+ 61.Kf4 Ra4+ 62.Bd4  1-0

[Event "Open A"]
[Site "Pardubice CZE"]
[Date "2005.07.23"]
[Round "2"]
[White "Cerveny,P"]
[Black "Stross,F"]
[Result "1/2-1/2"]
[WhiteElo "2146"]
[BlackElo "2272"]

1.d4 d5 2.Nf3 Nf6 3.c4 c6 4.Qc2 g6 5.Nc3 Bg7 6.e3 O-O 7.Bd3 a6 8.O-O b5 9.b3 Nbd7
10.Bb2 Bb7 11.Rac1 bxc4 12.bxc4 c5 13.cxd5 cxd4 14.Nxd4 Nxd5 15.Nxd5 Bxd5
16.e4 Bb7 17.Nc6 Bxc6 18.Bxg7 Kxg7 19.Qxc6 Ne5 20.Qc3 f6 21.Rfd1 Rc8 22.Qxc8 Qxc8
23.Rxc8 Rxc8 24.Bxa6 Ra8 25.Bb7 Rxa2 26.Bd5 Rb2 27.h3 g5 28.Ra1 Ng6 29.Ra7 Rb1+
30.Kh2 Rf1 31.f3 Rf2 32.Ra2 Rxa2 33.Bxa2 h5 34.g3 h4 35.Be6 hxg3+ 36.Kxg3 Nf4
37.Bc4 e5 38.h4 Kg6 39.Bb5 Kh6 40.Kg4 gxh4 41.Kxh4 Ng2+ 42.Kg3 Nf4 43.Kg4 Kg6  1/2-1/2

[Event "Politiken Cup"]
[Site "Copenhagen DEN"]
[Date "2005.07.24"]
[Round "10"]
[White "Henrichsen,J"]
[Black "Molvig,H"]
[Result "1/2-1/2"]
[WhiteElo "2075"]
[BlackElo "2227"]

1.d4 d5 2.c4 c6 3.Nf3 Nf6 4.Qc2 e6 5.g3 Be7 6.Bg2 O-O 7.O-O Nbd7 8.b3 b6
9.Nbd2 Bb7 10.e4 Nxe4 11.Nxe4 dxe4 12.Qxe4 Nf6  1/2-1/2

[Event "Open A"]
[Site "Pardubice CZE"]
[Date "2005.07.26"]
[Round "5"]
[White "Gerasimovitch,O"]
[Black "Fingerov,D"]
[Result "1/2-1/2"]
[WhiteElo "2270"]
[BlackElo "2358"]

1.d4 d5 2.c4 c6 3.Nf3 dxc4 4.e3 Be6 5.a4 Na6 6.Na3 Nb4 7.Bxc4 Bxc4 8.Nxc4 Nf6
9.O-O e6 10.a5 Qd5 11.Qb3 Qb5 12.Bd2 Nbd5 13.Qc2 Nb4 14.Qb3 Nbd5 15.Qc2 Nb4  1/2-1/2

[Event "Open A"]
[Site "Pardubice CZE"]
[Date "2005.07.28"]
[Round "7"]
[White "Jirka,J"]
[Black "Pitschka,K"]
[Result "1-0"]
[WhiteElo "2391"]
[BlackElo "2230"]

1.d4 d5 2.c4 c6 3.Nf3 Nf6 4.g3 a6 5.Bg2 Bf5 6.O-O e6 7.Nc3 Nbd7 8.Nh4 Bg6
9.f4 Be4 10.Nxe4 Nxe4 11.f5 Ndf6 12.Bh3 exf5 13.Nxf5 dxc4 14.b3 Qd5 15.bxc4 Qxc4
16.Bf4 Nd5 17.Qb1 Nxf4 18.Rxf4 Nd6 19.Nxd6+ Bxd6 20.Re4+ Kf8 21.Qxb7 Rd8
22.Be6  1-0

[Event "15th ETC Women"]
[Site "Gothenburg SWE"]
[Date "2005.07.31"]
[Round "2"]
[White "Cramling,P"]
[Black "Jiretorn,E"]
[Result "1-0"]
[WhiteElo "2494"]
[BlackElo "2134"]

1.d4 d5 2.Nf3 Nf6 3.c4 c6 4.Qb3 Qb6 5.Nc3 Be6 6.c5 Qc7 7.Bf4 Qc8 8.h3 h6
9.e3 Nbd7 10.Rc1 Nxc5 11.dxc5 d4 12.Bc4 Bxc4 13.Qxc4 dxc3 14.Rxc3 e6 15.O-O Nd5
16.Rd3 Nxf4 17.exf4 Be7 18.f5 O-O 19.Re1 Bf6 20.fxe6 fxe6 21.Rxe6 Kh8 22.Rdd6 Qc7
23.Qe4 Qf7 24.Nh4 Rfe8 25.Ng6+ Kg8 26.b3 Rxe6 27.Rxe6 Rd8 28.Ne7+ Kh8 29.Ng6+ Kg8
30.Ne7+ Kh8 31.Nf5 Qc7 32.g3 Rf8 33.b4 a5 34.a3 axb4 35.axb4 Qd7 36.Kg2 Qd8
37.h4 Qd5 38.Ne3 Qxe4+ 39.Rxe4 Rd8 40.Nf5 Kh7 41.h5 Rd7 42.Re8 b6 43.cxb6 Rb7
44.Nd6 Rxb6 45.Nf7 g6 46.Re6 Kg7 47.hxg6 Rxb4 48.Nd6 Bb2 49.Nf5+ Kf8 50.Rxc6 Rb8
51.Nxh6 Rb5 52.f4 Kg7 53.Ng4 Bd4 54.Re6 Rb2+ 55.Kh3 Rb3 56.f5 Bc5 57.Rc6 Bb6
58.f6+ Kxg6 59.Ne5+ Kh7 60.f7 Bf2 61.Rh6+  1-0

[Event "Open Dutch Championship"]
[Site "Dieren NED"]
[Date "2005.08.01"]
[Round "6"]
[White "Wielenga,W"]
[Black "Sprangers,R"]
[Result "0-1"]
[WhiteElo "2168"]
[BlackElo "2130"]

1.d4 d5 2.Nf3 Nf6 3.c4 c6 4.Qc2 g6 5.g3 Bf5 6.Qb3 Qb6 7.c5 Qxb3 8.axb3 Na6
9.Bd2 Nd7 10.b4 Nc7 11.Bc3 Bg7 12.Nbd2 f6 13.Nb3 Be4 14.Bg2 e5 15.O-O Nb5
16.Nfd2 Bc2 17.Rfc1 Bxb3 18.Nxb3 h5 19.h4 g5 20.e4 dxe4 21.Bxe4 gxh4 22.gxh4 O-O-O
23.Bf5 Kb8 24.Rd1 Bh6 25.d5 Nd4 26.Bxd4 exd4 27.dxc6 Ne5 28.cxb7 d3 29.Be4 Rhg8+
30.Kf1 Rg4 31.f3 Rxh4 32.Kf2 Rh2+ 33.Kg3 Rxb2 34.Na5 Rg8+ 35.Kh3 Bf4 36.Rh1 Rgg2  0-1

[Event "15th ETC Women"]
[Site "Gothenburg SWE"]
[Date "2005.08.01"]
[Round "3"]
[White "Srebrnic,A"]
[Black "Horvath,Maria AUT"]
[Result "1-0"]
[WhiteElo "2289"]
[BlackElo "2039"]

1.Nf3 d5 2.d4 Nf6 3.c4 c6 4.Qc2 e6 5.Nc3 Nbd7 6.cxd5 exd5 7.Bf4 Be7 8.e3 O-O
9.O-O-O b5 10.Bd3 b4 11.Na4 Qa5 12.Kb1 Ba6 13.Bf5 Bb5 14.Nc5 Nxc5 15.dxc5 g6
16.Nd4 Bxc5 17.Nb3 Qb6 18.Nxc5 gxf5 19.Qxf5  1-0

[Event "Open"]
[Site "Nice FRA"]
[Date "2005.08.02"]
[Round "2"]
[White "Tasic,B"]
[Black "Sanchez,Joseph"]
[Result "0-1"]
[WhiteElo "2245"]
[BlackElo "2452"]

1.d4 d5 2.c4 c6 3.Nf3 Nf6 4.g3 Bg4 5.Ne5 Bh5 6.Bg2 e6 7.O-O Nbd7 8.Nxd7 Qxd7
9.cxd5 exd5 10.Nd2 Bd6 11.Nf3 O-O 12.Ne5 Qe7 13.f4 c5 14.Kh1 cxd4 15.Qxd4 Bxe2
16.Re1 Ba6 17.Be3 Rfe8 18.Bg1 Bc7 19.Qd2 Qd6 20.Rad1 b6 21.Bf3 Rad8 22.Qg2 Bb7
23.h3 a5 24.Kh2 b5 25.Bd4 Ne4 26.Qg1 f6 27.Ng4 h5 28.Bxe4 dxe4 29.Bxf6 Qd2+
30.Rxd2 Rxd2+  0-1

[Event "10th Open"]
[Site "Creon FRA"]
[Date "2005.08.03"]
[Round "4"]
[White "Krivoshey,S"]
[Black "Beudaert,X"]
[Result "0-1"]
[WhiteElo "2500"]
[BlackElo "2358"]

1.d4 d5 2.c4 c6 3.Nf3 Nf6 4.Qb3 e6 5.Bg5 Be7 6.e3 O-O 7.Nc3 a6 8.Rc1 dxc4
9.Bxc4 b5 10.Be2 Nbd7 11.a4 b4 12.Nb1 Bb7 13.O-O Rc8 14.Rfd1 h6 15.Bh4 Ne4
16.Bxe7 Qxe7 17.Nbd2 Nxd2 18.Nxd2 c5 19.Bf3 Bxf3 20.Nxf3 Nb6 21.Ne5 cxd4
22.exd4 Qd6 23.a5 Nd5 24.g3 Rc7 25.Nd3 Qd7 26.Rc4 Rxc4 27.Qxc4 Qa4 28.Rc1 Qxa5
29.Qc6 Qa2 30.Qb7 a5 31.Kg2 Nf6 32.Rc5 Qb3 33.Ne5 Qxb2 34.Rc8 Rxc8 35.Qxc8+ Kh7
36.Qd8 Qb3  0-1

[Event "15th ETC Women"]
[Site "Gothenburg SWE"]
[Date "2005.08.03"]
[Round "5"]
[White "Cramling,P"]
[Black "Madl,I"]
[Result "1/2-1/2"]
[WhiteElo "2494"]
[BlackElo "2382"]

1.d4 d5 2.Nf3 c6 3.c4 dxc4 4.e3 Be6 5.Nc3 b5 6.a4 b4 7.Ne4 Nf6 8.Ng3 Bd5
9.Ne5 e6 10.Nxc4 c5 11.Ne5 a6 12.dxc5 Nbd7 13.Nxd7 Qxd7 14.Qd4 Qc6 15.e4 Nxe4
16.Nxe4 Bxe4 17.Be3 b3 18.Be2 Bxg2 19.Rg1 Bd5 20.Rd1 Rc8 21.Rg5 h6 22.Rxd5 exd5
23.Qxd5 Be7 24.Qxc6+ Rxc6 25.Bf3 Rxc5 26.Bxc5 Bxc5 27.Rd3 a5 28.Bd5 Bb4+
29.Kf1 O-O 30.Bxb3 Re8 31.Rd7 Re7 32.Rxe7 Bxe7  1/2-1/2

[Event "ch-IRI Semi-Final"]
[Site "Tehran IRI"]
[Date "2005.08.03"]
[Round "1"]
[White "Ardeshi,M"]
[Black "Sepehrkhoui,A"]
[Result "1-0"]
[WhiteElo "2265"]
[BlackElo "2152"]

1.c4 Nf6 2.Nf3 c6 3.d4 d5 4.Qc2 dxc4 5.Qxc4 Bf5 6.Nc3 Nbd7 7.g3 e6 8.Bg2 Be7
9.O-O O-O 10.Bf4 h6 11.Rac1 Ne4 12.Rfd1 Qb6 13.Ne5 Nxe5 14.Bxe5 Nxc3 15.bxc3 Ba3
16.e4 Bg4 17.Rb1 Bxd1 18.Rxb6 axb6 19.Qd3 Bh5 20.g4 Bg6 21.f4 f5 22.gxf5 exf5
23.Qg3 Kh7 24.exf5 Rxf5 25.Be4 Bf8 26.Qd3 Bf7 27.Bxf5+ g6 28.Be4 Rxa2 29.f5 g5
30.Qb1 Re2 31.Kf1 Re3 32.f6+ Kg8 33.Bh7+ Kh8 34.Bg6  1-0